Diferencias y similitudes en el uso de los tiempos pasados en espaňol y eslovaco bakalárska práca

Saved in:
Bibliographic Details
Main Author: Varholíková, Mária
Corporate Author: Fakulta aplikovaných jazykov EU v Bratislave. Katedra románskych a slovanských jazykov
Other Authors: Spišiaková, Mária, 1973-
Format: Book
Language:Spanish
Published: Bratislava 2015
Tags: Add Tag
No Tags, Be the first to tag this record!

MARC

LEADER 00000nbm a2200000 4500
001 0202010
005 20161212094205.0
041 0 |a spa 
044 |a SK 
245 1 0 |a Diferencias y similitudes en el uso de los tiempos pasados en espaňol y eslovaco  |b bakalárska práca  |c Mária Varholíková ; školiteľ: Mária Spišiaková 
264 1 |a Bratislava  |c 2015 
300 |a 45 s. 
100 1 |a Varholíková, Mária 
700 1 |a Spišiaková, Mária, 1973- 
710 2 |a Fakulta aplikovaných jazykov EU v Bratislave. Katedra románskych a slovanských jazykov